000 01240nam2a22002531 4500
001 rc\4558934
005 20260407110922.0
035 _a(NLR Aleph) 008368212
090 _a9041315
_c9041315
100 _a20130416d1960 u y0rusy50 ca
101 0 _arus
102 _aRU
105 _aa z |||a|
200 1 _a[Пьесы. 1928-1941
_fПримеч. Е. Суркова]
210 _aМосква
_cИскусство
_d1960
215 _a481 с., 13 л. ил.
_cил.
461 0 _1001rc\4558933
_12001#$aТеатр$eДрам. произведения. Статьи. Речи$eВ 2 т.$f[Общая ред. и вступ. статья Е. Суркова]. Т. 1-2$vТ. 1
_1700#1$aЛеонов$bЛ.М.$gЛеонид Максимович$f1899-1994$cписатель$3RU\NLR\AUTH\7731130
_99041310
_aЛеонов, Л.М. (писатель ; 1899-1994)
_cМосква
_d1960
_f[Общая ред. и вступ. статья Е. Суркова]. Т. 1-2
_nИскусство
_oДрам. произведения. Статьи. Речи : В 2 т.
_p2 т.
_tТеатр
_vТ. 1
702 1 _aСурков
_bЕ.
_4212
801 0 _aRU
_bNLR
_gpsbo
801 1 _aRU
_bELAR
_2rusmarc
852 _aNLR
_j61-3/1281
942 _cBOOK
980 _aNB